000 00563nam a2200193 i 4500
001 101653
003 ES-MaACL
005 20250822063147.0
007 t|
008 051021s1977 sp ||||1| spa d
100 1 _aMelià, Josep,
_d1939-2000
_9173040
245 1 0 _aMarcelino Camacho /
_cJosep Meliá.
260 _aMadrid :
_bCambio 16,
_c1977.
300 _a126 p. ;
_c18 cm.
490 1 _aPolíticos para unas elecciones
830 0 _aPolíticos para unas elecciones
_9180986
852 _aES-MaACL
_jA-6848
_bR.95667
999 _c101653
_d101653